Explaining epidemics and other studies in the history of medicine / (Record no. 453)

000 -LEADER
fixed length control field 01213nam a2200349 a 4500
001 - CONTROL NUMBER
control field 25026119
003 - CONTROL NUMBER IDENTIFIER
control field OSt
005 - DATE AND TIME OF LATEST TRANSACTION
control field 20210420061142.0
008 - FIXED-LENGTH DATA ELEMENTS--GENERAL INFORMATION
fixed length control field 980429n1992 xx u001 0 eng u
010 ## - LIBRARY OF CONGRESS CONTROL NUMBER
LC control number 91046538
015 ## - NATIONAL BIBLIOGRAPHY NUMBER
National bibliography number GB92-50753
020 ## - INTERNATIONAL STANDARD BOOK NUMBER
International Standard Book Number 052139340X (hardback)
020 ## - INTERNATIONAL STANDARD BOOK NUMBER
International Standard Book Number 0521395690 (pbk.)
025 ## - OVERSEAS ACQUISITION NUMBER
Overseas acquisition number 000000080708
040 ## - CATALOGING SOURCE
Original cataloging agency DNLM/DLC
Transcribing agency DLC
Modifying agency NLM
-- TMV
-- UKM
049 ## - LOCAL HOLDINGS (OCLC)
Holding library YYEA
080 ## - UNIVERSAL DECIMAL CLASSIFICATION NUMBER
Universal Decimal Classification number 616-036.2
Item number R-79
096 ## - LOCALLY ASSIGNED NLM-TYPE CALL NUMBER (OCLC)
Classification number WZ 40 R813e 1992
100 1# - MAIN ENTRY--PERSONAL NAME
Personal name Rosenberg, Charles E.
245 10 - TITLE STATEMENT
Title Explaining epidemics and other studies in the history of medicine /
Statement of responsibility, etc. Charles E. Rosenberg.
260 ## - PUBLICATION, DISTRIBUTION, ETC.
Place of publication, distribution, etc. Cambridge ;
-- New York :
Name of publisher, distributor, etc. Cambridge University Press,
Date of publication, distribution, etc. c1992.
300 ## - PHYSICAL DESCRIPTION
Extent x, 357 p. ;
Dimensions 24 cm.
500 ## - GENERAL NOTE
General note Consists of Prof. Rosenberg's essays reprinted from various sources.
504 ## - BIBLIOGRAPHY, ETC. NOTE
Bibliography, etc. note Includes bibliographical references and index.
590 ## - LOCAL NOTE (RLIN)
Local note c. 1 930560 Ritt 7/22/93 $45.
650 #2 - SUBJECT ADDED ENTRY--TOPICAL TERM
Topical term or geographic name entry element Delivery of Health Care
General subdivision history
Form subdivision Collected Works.
650 #2 - SUBJECT ADDED ENTRY--TOPICAL TERM
Topical term or geographic name entry element Disease Outbreaks
General subdivision history
Form subdivision Collected Works.
650 #2 - SUBJECT ADDED ENTRY--TOPICAL TERM
Topical term or geographic name entry element Socioeconomic Factors
Form subdivision Collected Works.
653 ## - INDEX TERM--UNCONTROLLED
Uncontrolled term ეპიდემიოლოგია
700 ## - ADDED ENTRY--PERSONAL NAME
9 (RLIN) 365
Personal name Rosnberg,E.Charles
942 ## - ADDED ENTRY ELEMENTS (KOHA)
Source of classification or shelving scheme
Koha item type Books
Holdings
Withdrawn status Lost status Source of classification or shelving scheme Damaged status Not for loan Permanent location Current location Date acquired Inventory number Total Checkouts Full call number Barcode Date last seen Price effective from Koha item type
          Ken Walker International University Ken Walker International University 11/26/2020 173   616-036.2 R-79 173 11/26/2020 11/26/2020 Books

Powered by Koha